Nominations of Raoul Lord Carroll and Lawrence B. Lindsey : hearings before the Committee on Banking, Housing, and Urban Affairs, United States, Senate, One Hundred Second Congress, first session on the nominations of Raoul Lord Carroll, of the District of Columbia, to be president, Government National Mortgage Association, and Lawrence Lindsey, of Virginia, to be a member of the Board of Governors of the Federal Reserve System for the unexpired term of 14 years from February 1, 1986, vice Manuel H. Johnson, resigned, April 22, and May 7, 1991.

Bibliographic Details
Corporate Author: United States. Congress. Senate. Committee on Banking, Housing, and Urban Affairs (Author)
Format: Government Document eBook
Language:English
Published: Washington : U.S. Government Printing Office, 1991.
Series:S. hrg. ; 102-192
Subjects:
Online Access:https://purl.fdlp.gov/GPO/gpo192078

MARC

Tag First Indicator Second Indicator Subfields
LEADER 00000nam a2200000 i 4500
001 in00004652821
006 m o d f
007 cr |||||||||||
008 101111s1991 dcu ob f000 0 eng c
005 20230328154839.9
019 |a 647018139  |a 655155983  |a 1011972983  |a 1022034623  |a 1067144540 
035 |a (OCoLC)ocn680975802 
040 |a OCLCE  |b eng  |e rda  |e pn  |c OCLCE  |d OCLCQ  |d OCLCO  |d OCLCQ  |d NJR  |d OCLCQ  |d OCLCF  |d UWO  |d OCLCQ  |d OCLCO  |d GPO  |d MvI 
042 |a dlr  |a pcc 
043 |a n-us--- 
049 |a WWW 
050 4 |a KF26  |b .B39 1991d 
074 |a 1035-E (online) 
086 0 |a Y 4.B 22/3:S.HRG.102-192 
110 1 |a United States.  |b Congress.  |b Senate.  |b Committee on Banking, Housing, and Urban Affairs,  |0 https://id.loc.gov/authorities/names/n81033403  |e author. 
245 1 0 |a Nominations of Raoul Lord Carroll and Lawrence B. Lindsey :  |b hearings before the Committee on Banking, Housing, and Urban Affairs, United States, Senate, One Hundred Second Congress, first session on the nominations of Raoul Lord Carroll, of the District of Columbia, to be president, Government National Mortgage Association, and Lawrence Lindsey, of Virginia, to be a member of the Board of Governors of the Federal Reserve System for the unexpired term of 14 years from February 1, 1986, vice Manuel H. Johnson, resigned, April 22, and May 7, 1991. 
264 1 |a Washington :  |b U.S. Government Printing Office,  |c 1991. 
300 |a 1 online resource (iii, 99 pages). 
336 |a text  |b txt  |2 rdacontent 
337 |a computer  |b c  |2 rdamedia 
338 |a online resource  |b cr  |2 rdacarrier 
490 1 |a S. hrg. ;  |v 102-192 
500 |a Distributed to some depository libraries in microfiche. 
500 |a Series statement obtained: Telephone call to U.S. Congress. Senate. Committee on Banking, Housing, and Urban Affairs, 19/24/91. 
500 |a GPO Cataloging Record Distribution Program (CRDP). 
504 |a Includes bibliographical references (pages 80-82). 
588 |a Description based on online resource; title from PDF title screen (FRASER web site, viewed Feb. 9, 2023). 
600 1 0 |a Carroll, Raoul Lord,  |d 1950-  |0 https://id.loc.gov/authorities/names/no90008726 
600 1 0 |a Lindsey, Lawrence.  |0 https://id.loc.gov/authorities/names/n88666635 
610 2 0 |a Board of Governors of the Federal Reserve System (U.S.)  |x Officials and employees  |x Selection and appointment. 
610 2 0 |a Government National Mortgage Association  |x Officials and employees  |x Selection and appointment. 
650 7 |a Government Operations and Politics.  |2 cgpa 
655 7 |a Legislative hearings.  |2 lcgft  |0 https://id.loc.gov/authorities/genreForms/gf2013025047 
776 0 8 |i Print version:  |a United States. Congress. Senate. Committee on Banking, Housing, and Urban Affairs.  |t Nominations of Raoul Lord Carroll and Lawrence B. Lindsey  |w (DLC) 91601919  |w (OCoLC)24645686 
810 1 |a United States.  |b Congress.  |b Senate.  |t S. hrg. ;  |0 https://id.loc.gov/authorities/names/n83707917  |v 102-192. 
856 4 0 |u https://purl.fdlp.gov/GPO/gpo192078  |t 0 
999 f f |s 73d5b82f-793a-4d1d-ab77-c160d9a56985  |i 8b2d68f6-dc99-4275-b742-8919a8b2bdd5  |t 0 
952 f f |a Texas A&M University  |b College Station  |c Electronic Resources  |d Available Online  |t 0  |e Y 4.B 22/3:S.HRG.102-192  |h Superintendent of Documents classification 
998 f f |a Y 4.B 22/3:S.HRG.102-192  |t 0  |l Available Online